[Event "Pamplona IRT rap op"]
[Site "Pamplona"]
[Date "2012.11.10"]
[Round "8"]
[White "Mendoza, Rafael Enrique"]
[Black "Uribe, Mauricio"]
[Result "1-0"]
[WhiteElo "2343"]
[BlackElo "2354"]
[PlyCount "67"]
[EventDate "2012.11.09"]
[EventType "swiss"]
[EventRounds "11"]
[EventCountry "COL"]
[SourceTitle "CBM 151 Extra"]
[Source "ChessBase"]
[SourceDate "2012.12.18"]
[SourceVersion "1"]
[SourceVersionDate "2012.12.18"]
[SourceQuality "1"]

1. e4 c5 2. Nf3 Nc6 3. Bb5 e6 4. Bxc6 bxc6 5. d3 Ne7 6. e5 Ng6 7. 0-0 Be7 8. Re1 0-0 9. Nc3 f6 10. exf6 Bxf6 11. Ne4 d6 12. d4 cxd4 13. Nxd4 Bxd4 14. Qxd4 d5 15. Bg5 e5 16. Qc3 Qd7 17. Ng3 h6 18. Be3 d4 19. Qc4+ Qd5 20. Qxd5+ cxd5 21. Bd2 Rb8 22. b3 Rf6 23. Rac1 Ra6 24. h4 e4 25. h5 Ne7 26. Bf4 Rb7 27. f3 exf3 28. gxf3 Rxa2 29. Re2 Kf7 30. Rce1 Nf5 31. Re8 Nxg3 32. Bxg3 Rxc2 33. Bd6 d3 34. Rf8# 1-0

[Event "Pamplona IRT rap op"]
[Site "Pamplona"]
[Date "2012.11.10"]
[Round "10"]
[White "Torres, Juan Camilo"]
[Black "Uribe, Mauricio"]
[Result "0-1"]
[WhiteElo "2324"]
[BlackElo "2354"]
[PlyCount "96"]
[EventDate "2012.11.09"]
[EventType "swiss"]
[EventRounds "11"]
[EventCountry "COL"]
[SourceTitle "CBM 151 Extra"]
[Source "ChessBase"]
[SourceDate "2012.12.18"]
[SourceVersion "1"]
[SourceVersionDate "2012.12.18"]
[SourceQuality "1"]

1. d4 Nf6 2. Nf3 e6 3. e3 b6 4. Bd3 Bb7 5. 0-0 c5 6. Nbd2 d6 7. b3 Nbd7 8. Bb2 Be7 9. Qe2 0-0 10. c4 a6 11. a4 a5 12. Rad1 Re8 13. Ng5 Qc7 14. f4 h6 15. Ngf3 Bf8 16. Rc1 Rad8 17. Bb1 g6 18. e4 cxd4 19. Nxd4 e5 20. Nb5 Qc5+ 21. Kh1 Nh5 22. f5 Nf4 23. Qg4 Nf6 24. Qh4 g5 25. Qe1 Qc6 26. Bc2 Be7 27. Rf3 Kg7 28. Qf1 Rh8 29. g3 Nh3 30. Re3 g4 31. Ree1 h5 32. Nf3 Nxe4 33. Bxe4 Qxe4 34. Rxe4 Bxe4 35. Rc3 Ng5 36. Re3 Bxf3+ 37. Rxf3 Nxf3 38. h4 d5 39. c5 Bxc5 40. Qe2 d4 41. Nc7 Rd7 42. f6+ Kxf6 43. Na6 d3 44. Qd1 d2 45. Nxc5 bxc5 46. Bc3 Rd3 47. Bxa5 Re3 48. Bxd2 Rd8 0-1

[Event "Pamplona Sub zt 2.3"]
[Site "Pamplona"]
[Date "2012.11.08"]
[Round "7"]
[White "Arenas Vanegas, David"]
[Black "Uribe, Mauricio"]
[Result "1/2-1/2"]
[WhiteElo "2443"]
[BlackElo "2354"]
[PlyCount "100"]
[EventDate "2012.11.05"]
[EventType "swiss"]
[EventRounds "9"]
[EventCountry "COL"]
[SourceTitle "EXT 2013"]
[Source "ChessBase"]
[SourceDate "2012.11.22"]
[SourceVersion "1"]
[SourceVersionDate "2012.11.22"]
[SourceQuality "1"]

1. e4 c5 2. Nf3 Nc6 3. d4 cxd4 4. Nxd4 e5 5. Nb5 a6 6. Nd6+ Bxd6 7. Qxd6 Qf6 8. Qxf6 Nxf6 9. Nc3 Nb4 10. Kd2 d6 11. a3 Nc6 12. Ke1 Be6 13. Be3 0-0-0 14. Bb6 Rd7 15. Rd1 d5 16. exd5 Bxd5 17. Nxd5 Nxd5 18. Bc5 Kc7 19. c4 Nf6 20. Rxd7+ Nxd7 21. Be3 Nd4 22. Bxd4 exd4 23. Kd2 Re8 24. Bd3 a5 25. b3 g6 26. h4 Nf6 27. Bc2 Ng4 28. Rf1 Nh2 29. Re1 Rxe1 30. Kxe1 Ng4 31. Bd1 Nf6 32. Bf3 b6 33. Kd2 Kd6 34. Kd3 Ke5 35. g3 h6 36. Bc6 g5 37. f4+ gxf4 38. gxf4+ Kxf4 39. Kxd4 Kf5 40. c5 bxc5+ 41. Kxc5 Ke5 42. b4 axb4 43. axb4 Nh5 44. Bd5 Nf6 45. Bxf7 Ne4+ 46. Kc6 Nc3 47. h5 Ne2 48. Bg8 Nc3 49. Bh7 Nd5 50. b5 Nf6 1/2-1/2

[Event "Pamplona Sub zt 2.3"]
[Site "Pamplona"]
[Date "2012.11.07"]
[Round "5"]
[White "Munoz Galvez, Jhon Edison"]
[Black "Uribe, Mauricio"]
[Result "0-1"]
[WhiteElo "2239"]
[BlackElo "2354"]
[PlyCount "124"]
[EventDate "2012.11.05"]
[EventType "swiss"]
[EventRounds "9"]
[EventCountry "COL"]
[SourceTitle "EXT 2013"]
[Source "ChessBase"]
[SourceDate "2012.11.22"]
[SourceVersion "1"]
[SourceVersionDate "2012.11.22"]
[SourceQuality "1"]

1. d4 Nf6 2. c4 e6 3. Nf3 Bb4+ 4. Bd2 c5 5. g3 0-0 6. Bg2 Bxd2+ 7. Qxd2 Ne4 8. Qc2 Qa5+ 9. Nbd2 f5 10. d5 d6 11. 0-0 Nxd2 12. Nxd2 e5 13. f4 e4 14. g4 Qd8 15. gxf5 e3 16. Ne4 Bxf5 17. Qc3 Qe7 18. Ng3 Bg4 19. h3 Qh4 20. hxg4 Qxg3 21. Rf3 Qxg4 22. Rxe3 Na6 23. Rg3 Qd7 24. Bh3 Qe7 25. Kh2 Qf6 26. Rag1 Qxc3 27. bxc3 g6 28. f5 Kg7 29. fxg6 h6 30. Be6 Rae8 31. e4 Nc7 32. Bf5 Na8 33. Rb1 Re7 34. Rg2 Nb6 35. Rgb2 Kf6 36. Kg3 Rb8 37. Rxb6 axb6 38. Rxb6 Ke5 39. Kg4 Ra8 40. Rb2 Kf6 41. Kh5 Kg7 42. Kg4 Kf6 43. Rb6 Ra6 44. Rb2 Ra8 45. Kh5 Kg7 46. Be6 Ra4 47. Rb6 Ra6 48. Rb5 Rxa2 49. e5 dxe5 50. Bf5 Rd2 51. Be4 Rh2+ 52. Kg4 Rf2 53. Kg3 Rf4 54. Bd3 Rf6 55. Rxc5 e4 56. Be2 e3 57. Rb5 Rxg6+ 58. Kf3 Rf6+ 59. Kg3 Rf2 60. d6 Ref7 61. Bh5 e2 62. Re5 R2f5 0-1

[Event "Pamplona IRT blitz op"]
[Site "Pamplona"]
[Date "2012.11.04"]
[Round "17.10"]
[White "Martinez, Jorge Alexander"]
[Black "Uribe, Mauricio"]
[Result "0-1"]
[WhiteElo "2184"]
[BlackElo "2354"]
[PlyCount "90"]
[EventDate "2012.11.04"]
[EventType "swiss (blitz)"]
[EventRounds "18"]
[EventCountry "COL"]
[SourceTitle "EXT 2024"]
[Source "ChessBase"]
[SourceDate "2023.10.10"]
[SourceVersion "1"]
[SourceVersionDate "2023.10.10"]
[SourceQuality "1"]

1. e4 c5 2. b4 cxb4 3. a3 e6 4. axb4 Bxb4 5. c3 Bf8 6. d4 d5 7. e5 Bd7 8. Bd3 Nc6 9. f4 g6 10. Nf3 Na5 11. 0-0 Nh6 12. Ba3 Rc8 13. Ng5 a6 14. Bxf8 Kxf8 15. Qc1 Kg7 16. Nd2 Nf5 17. Qa3 h6 18. Ngf3 Nc4 19. Bxc4 dxc4 20. Ne4 Bc6 21. Nf6 Ne3 22. Rf2 Bxf3 23. gxf3 Nd5 24. Qc1 Nxf6 25. exf6+ Qxf6 26. Rb2 Rc7 27. Rb6 Rd8 28. Rab1 Rdd7 29. Qe3 Rd5 30. Rxb7 Rxb7 31. Rxb7 Rb5 32. Rc7 Qf5 33. Kg2 Qc2+ 34. Kg3 g5 35. Rc5 gxf4+ 36. Qxf4 Qg6+ 37. Kh3 Rxc5 38. dxc5 Qh5+ 39. Kg3 Qxc5 40. h4 a5 41. Qg4+ Kf8 42. Qf4 a4 43. Qxh6+ Ke7 44. Qf4 a3 45. Qe4 Qc7+ 0-1

[Event "Pamplona IRT blitz op"]
[Site "Pamplona"]
[Date "2012.11.04"]
[Round "4.8"]
[White "Martinez Zuluaica, Julian"]
[Black "Uribe, Mauricio"]
[Result "1-0"]
[WhiteElo "2207"]
[BlackElo "2354"]
[PlyCount "71"]
[EventDate "2012.11.04"]
[EventType "swiss (blitz)"]
[EventRounds "18"]
[EventCountry "COL"]
[SourceTitle "EXT 2024"]
[Source "ChessBase"]
[SourceDate "2023.10.10"]
[SourceVersion "1"]
[SourceVersionDate "2023.10.10"]
[SourceQuality "1"]

1. d4 Nf6 2. Nf3 e6 3. b3 b5 4. g3 Bb7 5. Bg2 Be7 6. 0-0 0-0 7. Bb2 a5 8. Nbd2 c5 9. c3 a4 10. Re1 a3 11. Bc1 cxd4 12. Nxd4 Bxg2 13. Kxg2 Qc7 14. c4 b4 15. N2f3 Bc5 16. Bf4 Qb7 17. Nb5 Ne4 18. Nd6 Nxd6 19. Bxd6 Bxd6 20. Qxd6 Ra6 21. Qd3 d6 22. Rad1 Nd7 23. Kg1 Nc5 24. Qe3 Qe4 25. Qd2 e5 26. Qxb4 f5 27. Qd2 f4 28. Ng5 Qf5 29. Qd5+ Kh8 30. Nf3 fxg3 31. fxg3 Ne4 32. Qd3 Qg4 33. Rf1 Nxg3 34. hxg3 Qxg3+ 35. Kh1 d5 36. Nh2 1-0

[Event "Pamplona IRT blitz op"]
[Site "Pamplona"]
[Date "2012.11.04"]
[Round "12.9"]
[White "Pardo, Alejandro"]
[Black "Uribe, Mauricio"]
[Result "1-0"]
[WhiteElo "2197"]
[BlackElo "2354"]
[PlyCount "109"]
[EventDate "2012.11.04"]
[EventType "swiss (blitz)"]
[EventRounds "18"]
[EventCountry "COL"]
[SourceTitle "EXT 2024"]
[Source "ChessBase"]
[SourceDate "2023.10.10"]
[SourceVersion "1"]
[SourceVersionDate "2023.10.10"]
[SourceQuality "1"]

1. d4 Nf6 2. Nf3 e6 3. e3 b6 4. Bd3 Bb7 5. Nbd2 c5 6. 0-0 d6 7. b3 Be7 8. Bb2 Nbd7 9. Qe2 0-0 10. Ba6 Qc8 11. Bxb7 Qxb7 12. Rac1 a5 13. a4 Rfe8 14. Rfd1 Bf8 15. e4 cxd4 16. Nxd4 e5 17. Nb5 d5 18. exd5 Nxd5 19. Nc4 Nf4 20. Qf1 Re6 21. g3 Rh6 22. h4 Qf3 23. Rxd7 Bc5 24. Nd4 exd4 25. Ne5 Qe4 26. Re1 Qxc2 27. Nxf7 Rg6 28. Ne5 Re6 29. gxf4 Rf8 30. Qc4 Qxc4 31. bxc4 h6 32. Bxd4 Rxf4 33. Bxc5 bxc5 34. Nd3 Rxe1+ 35. Nxe1 Rxc4 36. Nf3 Rxa4 37. Rc7 c4 38. Rc5 Kf7 39. h5 Kf6 40. Kg2 c3 41. Rxc3 Rg4+ 42. Kh3 Rb4 43. Rc5 a4 44. Ra5 Rf4 45. Kg3 Rb4 46. Ne5 Rb3+ 47. f3 a3 48. Nc4 Rc3 49. Nxa3 Rc6 50. Nb5 Rc5 51. Ra6+ Kg5 52. Nd4 Kxh5 53. Ne6 Rc1 54. Nxg7+ Kg5 55. f4# 1-0

[Event "Pamplona IRT blitz op"]
[Site "Pamplona"]
[Date "2012.11.04"]
[Round "5.14"]
[White "Tobar, Juan Carlos"]
[Black "Uribe, Mauricio"]
[Result "0-1"]
[WhiteElo "2046"]
[BlackElo "2354"]
[PlyCount "74"]
[EventDate "2012.11.04"]
[EventType "swiss (blitz)"]
[EventRounds "18"]
[EventCountry "COL"]
[SourceTitle "EXT 2024"]
[Source "ChessBase"]
[SourceDate "2023.10.10"]
[SourceVersion "1"]
[SourceVersionDate "2023.10.10"]
[SourceQuality "1"]

1. d4 Nf6 2. Nf3 e6 3. Bg5 b6 4. e3 Bb7 5. Bd3 c5 6. Nbd2 Be7 7. c3 d6 8. 0-0 Nbd7 9. Qe2 0-0 10. e4 e5 11. a4 a6 12. h3 Nh5 13. Be3 g6 14. Rfd1 Qc7 15. Rac1 Bf6 16. b4 a5 17. b5 Rac8 18. g4 Nf4 19. Bxf4 exf4 20. d5 Rfe8 21. Qf1 c4 22. Nxc4 Nc5 23. Nd4 Nxd3 24. Qxd3 Qxc4 25. Nc6 Qxd3 26. Rxd3 Rxe4 27. Kg2 Rce8 28. Kf3 Rxa4 29. Rc2 Bc8 30. c4 h5 31. Kxf4 hxg4 32. hxg4 Ra1 33. Kg3 Rg1+ 34. Kh2 Rxg4 35. f3 Rg5 36. Rc1 Kg7 37. f4 Rh8+ 0-1

[Event "Pamplona IRT blitz op"]
[Site "Pamplona"]
[Date "2012.11.04"]
[Round "11.9"]
[White "Uribe, Mauricio"]
[Black "Pardo, Alejandro"]
[Result "1-0"]
[WhiteElo "2354"]
[BlackElo "2197"]
[PlyCount "118"]
[EventDate "2012.11.04"]
[EventType "swiss (blitz)"]
[EventRounds "18"]
[EventCountry "COL"]
[SourceTitle "EXT 2024"]
[Source "ChessBase"]
[SourceDate "2023.10.10"]
[SourceVersion "1"]
[SourceVersionDate "2023.10.10"]
[SourceQuality "1"]

1. d4 Nf6 2. Nf3 g6 3. Nc3 Bg7 4. e4 d6 5. h3 0-0 6. Be3 Nbd7 7. Be2 c5 8. d5 a6 9. a4 Rb8 10. Nd2 e6 11. dxe6 fxe6 12. Nc4 b5 13. axb5 axb5 14. Nxd6 b4 15. Ncb5 Ne8 16. Nxc8 Qxc8 17. 0-0 Bxb2 18. Ra7 Nb6 19. Nd6 Qc6 20. Nxe8 Rbxe8 21. Qb1 Bg7 22. Qa2 Qxe4 23. Bb5 Rc8 24. Bd3 Qd5 25. Qa6 c4 26. Be2 Nd7 27. Rd1 Nc5 28. Rxg7+ Kxg7 29. Qa7+ Qb7 30. Bxc5 Qxa7 31. Bxa7 b3 32. Bd4+ Kf7 33. cxb3 cxb3 34. Rb1 Rfd8 35. Be3 Rb8 36. Bc4 b2 37. Kf1 Rdc8 38. Bd3 Rb3 39. Ke2 Rd8 40. Bc2 Rb7 41. g4 Rdd7 42. Bf4 Rb4 43. Be5 Rdb7 44. Bd3 Rb3 45. f4 Rd7 46. Bc2 Rxh3 47. Rxb2 Rh2+ 48. Ke3 h5 49. Bxg6+ Kxg6 50. Rxh2 hxg4 51. Rh8 Rb7 52. Rg8+ Kh5 53. Bf6 Rb3+ 54. Ke2 g3 55. Rg5+ Kh6 56. Be5 Ra3 57. Kf1 Re3 58. Kg2 Rxe5 59. Rxe5 Kg6 1-0

[Event "Pamplona IRT blitz op"]
[Site "Pamplona"]
[Date "2012.11.04"]
[Round "15.11"]
[White "Uribe, Mauricio"]
[Black "Sanchez, Sebastian Felipe"]
[Result "1-0"]
[WhiteElo "2354"]
[BlackElo "2182"]
[PlyCount "73"]
[EventDate "2012.11.04"]
[EventType "swiss (blitz)"]
[EventRounds "18"]
[EventCountry "COL"]
[SourceTitle "EXT 2024"]
[Source "ChessBase"]
[SourceDate "2023.10.10"]
[SourceVersion "1"]
[SourceVersionDate "2023.10.10"]
[SourceQuality "1"]

1. e4 c5 2. Nc3 Nc6 3. Bb5 g6 4. Bxc6 bxc6 5. d3 Bg7 6. f4 Rb8 7. Nf3 d6 8. h3 Qa5 9. 0-0 Nh6 10. Qe1 f5 11. e5 0-0 12. Bd2 Qc7 13. Nd1 Nf7 14. Bc3 d5 15. Ba5 Qd7 16. c4 Nd8 17. Bxd8 Rxd8 18. b3 Qc7 19. Nc3 e6 20. Na4 Bf8 21. Kh1 Be7 22. Rg1 Bd7 23. Qf2 Qa5 24. Rad1 Be8 25. g4 fxg4 26. hxg4 dxc4 27. dxc4 Rxd1 28. Rxd1 Rd8 29. Rxd8 Qxd8 30. Qd2 Qc7 31. g5 Kg7 32. Kg2 Bd7 33. Qd3 Bc8 34. Nd2 Bf8 35. Ne4 Qf7 36. Kg3 Qf5 37. Nexc5 1-0

[Event "Bogota op 10"]
[Site "Bogota"]
[Date "2012.10.19"]
[Round "9"]
[White "Uribe, Mauricio"]
[Black "Hernandez Carmenates, Holden"]
[Result "0-1"]
[WhiteElo "2343"]
[BlackElo "2560"]
[PlyCount "44"]
[EventDate "2012.10.11"]
[EventType "swiss"]
[EventRounds "9"]
[EventCountry "COL"]
[SourceTitle "EXT 2013"]
[Source "ChessBase"]
[SourceDate "2012.11.22"]
[SourceVersion "1"]
[SourceVersionDate "2012.11.22"]
[SourceQuality "1"]

1. d4 Nf6 2. c4 e6 3. Nc3 Bb4 4. Nf3 c5 5. d5 d6 6. Bg5 exd5 7. cxd5 Nbd7 8. Nd2 0-0 9. e4 Re8 10. Qc2 Nxe4 11. Bxd8 Nxc3+ 12. Be2 Nxe2 13. Kf1 Nd4 14. Qd1 b6 15. Qa4 a5 16. g3 Ba6+ 17. Kg2 Raxd8 18. Rhe1 Be2 19. Rxe2 Rxe2 20. Nf3 b5 21. Qd1 Rde8 22. a3 Nxf3 0-1

[Event "Bogota op 10"]
[Site "Bogota"]
[Date "2012.10.18"]
[Round "8"]
[White "Almeida Quintana, Omar"]
[Black "Uribe, Mauricio"]
[Result "0-1"]
[WhiteElo "2520"]
[BlackElo "2343"]
[PlyCount "81"]
[EventDate "2012.10.11"]
[EventType "swiss"]
[EventRounds "9"]
[EventCountry "COL"]
[SourceTitle "EXT 2013"]
[Source "ChessBase"]
[SourceDate "2012.11.22"]
[SourceVersion "1"]
[SourceVersionDate "2012.11.22"]
[SourceQuality "1"]

1. d4 Nf6 2. c4 e6 3. Nf3 Bb4+ 4. Bd2 c5 5. Bxb4 cxb4 6. g3 b6 7. Bg2 Bb7 8. 0-0 0-0 9. a3 Qc7 10. Nbd2 bxa3 11. Rxa3 d6 12. b4 Nc6 13. Qb1 a5 14. bxa5 Nxa5 15. Rc1 h6 16. Rac3 Rfc8 17. h3 Rab8 18. g4 Nc6 19. e3 Ne7 20. d5 exd5 21. cxd5 Qd8 22. e4 Rc5 23. Nd4 Rbc8 24. Rxc5 Rxc5 25. Rxc5 bxc5 26. Qxb7 cxd4 27. Qa7 Ng6 28. Qxd4 Qa5 29. Kh2 Nf4 30. Qe3 g5 31. Nf3 Qa4 32. Nd4 Qd1 33. Nf5 Ne2 34. f3 Qe1 35. Nxh6+ Kh7 36. Nf5 Nd7 37. h4 Ne5 38. hxg5 Kg8 39. Bh3 Nd3 40. Qa7 Ne5 41. g6 0-1

[Event "Bogota op 10"]
[Site "Bogota"]
[Date "2012.10.16"]
[Round "6"]
[White "Uribe, Mauricio"]
[Black "Lizarazo, Juan Carlos"]
[Result "1-0"]
[WhiteElo "2343"]
[BlackElo "2089"]
[PlyCount "63"]
[EventDate "2012.10.11"]
[EventType "swiss"]
[EventRounds "9"]
[EventCountry "COL"]
[SourceTitle "EXT 2013"]
[Source "ChessBase"]
[SourceDate "2012.11.22"]
[SourceVersion "1"]
[SourceVersionDate "2012.11.22"]
[SourceQuality "1"]

1. d4 Nf6 2. Nf3 g6 3. Nc3 Bg7 4. e4 d6 5. h3 c5 6. d5 0-0 7. Be2 a6 8. a4 b6 9. 0-0 Ra7 10. Bf4 Rb7 11. e5 Ne8 12. Re1 Bd7 13. Qd2 dxe5 14. Nxe5 Nd6 15. Bf3 Qc8 16. Ne4 b5 17. axb5 Bxb5 18. Ra2 Rd8 19. Nxd6 exd6 20. Ng4 h5 21. Nh6+ Kh7 22. g4 Be8 23. gxh5 Qxh3 24. Ra3 Qh4 25. hxg6+ fxg6 26. Bg2 Bd7 27. Nf7 Rf8 28. Ng5+ Kg8 29. Bxd6 Rf5 30. Ne6 Bxb2 31. Rh3 Qb4 32. c3 1-0

[Event "Bogota op 10"]
[Site "Bogota"]
[Date "2012.10.13"]
[Round "3"]
[White "Lozano Ramirez, Nestor Favian"]
[Black "Uribe, Mauricio"]
[Result "1/2-1/2"]
[WhiteElo "1991"]
[BlackElo "2343"]
[PlyCount "53"]
[EventDate "2012.10.11"]
[EventType "swiss"]
[EventRounds "9"]
[EventCountry "COL"]
[SourceTitle "EXT 2013"]
[Source "ChessBase"]
[SourceDate "2012.11.22"]
[SourceVersion "1"]
[SourceVersionDate "2012.11.22"]
[SourceQuality "1"]

1. c4 g6 2. g3 Bg7 3. Bg2 e5 4. Nc3 Ne7 5. e4 d6 6. Nge2 Be6 7. d3 Nbc6 8. Nd5 0-0 9. 0-0 Qd7 10. Be3 f5 11. Qd2 Kh8 12. Rac1 Nc8 13. d4 f4 14. gxf4 exd4 15. Nxd4 Nxd4 16. Bxd4 c6 17. f5 Bxd5 18. cxd5 c5 19. Bxg7+ Qxg7 20. fxg6 Qxg6 21. Rc3 Ne7 22. Rg3 Qf6 23. Bh3 Ng6 24. Qc3 Rae8 25. Bf5 Qxc3 26. Rxc3 Nf4 27. Re3 1/2-1/2

[Event "Bogota op 10"]
[Site "Bogota"]
[Date "2012.10.12"]
[Round "2"]
[White "Uribe, Mauricio"]
[Black "Pachon Gutierrez, Adriana Paola"]
[Result "1/2-1/2"]
[WhiteElo "2343"]
[BlackElo "2043"]
[PlyCount "78"]
[EventDate "2012.10.11"]
[EventType "swiss"]
[EventRounds "9"]
[EventCountry "COL"]
[SourceTitle "EXT 2013"]
[Source "ChessBase"]
[SourceDate "2012.11.22"]
[SourceVersion "1"]
[SourceVersionDate "2012.11.22"]
[SourceQuality "1"]

1. d4 d5 2. Nf3 Nf6 3. c4 c6 4. e3 g6 5. Nbd2 Bg7 6. b3 Nbd7 7. Bb2 0-0 8. Be2 Re8 9. 0-0 b6 10. Qc2 Bb7 11. e4 dxe4 12. Nxe4 Nxe4 13. Qxe4 Qc7 14. Rfe1 e5 15. Qh4 Qd8 16. Qxd8 Raxd8 17. dxe5 Nxe5 18. Nxe5 Bxe5 19. Bxe5 Rxe5 20. Bf3 Rde8 21. Kf1 Kf8 22. Rxe5 Rxe5 23. Rd1 Ke7 24. h4 Re6 25. g4 Bc8 26. Rd2 Bd7 27. g5 Rd6 28. Ke2 c5 29. Be4 Re6 30. Kf3 Bc6 31. Bxc6 Rxc6 32. Rd5 Re6 33. Kf4 Rd6 34. Re5+ Re6 35. Ke4 Kd6 36. Rxe6+ fxe6 37. f4 a6 38. a3 a5 39. a4 Kd7 1/2-1/2

[Event "Bogota op 10"]
[Site "Bogota"]
[Date "2012.10.11"]
[Round "1"]
[White "Corpus, Eugenio"]
[Black "Uribe, Mauricio"]
[Result "0-1"]
[WhiteElo "1868"]
[BlackElo "2343"]
[PlyCount "42"]
[EventDate "2012.10.11"]
[EventType "swiss"]
[EventRounds "9"]
[EventCountry "COL"]
[SourceTitle "EXT 2013"]
[Source "ChessBase"]
[SourceDate "2012.11.22"]
[SourceVersion "1"]
[SourceVersionDate "2012.11.22"]
[SourceQuality "1"]

1. e4 e6 2. d4 d5 3. e5 c5 4. c3 Qb6 5. Nf3 Nc6 6. Bd3 cxd4 7. cxd4 Bd7 8. Bc2 Nb4 9. 0-0 Ne7 10. Nc3 Nxc2 11. Qxc2 Nf5 12. Qd3 Be7 13. Be3 0-0 14. g4 Nxe3 15. fxe3 Qa6 16. Qd2 Rac8 17. a3 Qc4 18. Rfc1 Qb3 19. Rab1 f5 20. e4 dxe4 21. Nxe4 Bc6 0-1

[Event "Latin Cup-A 3rd"]
[Site "Cali"]
[Date "2012.10.05"]
[Round "2"]
[White "Rivera, Ingris"]
[Black "Uribe, Mauricio"]
[Result "0-1"]
[WhiteElo "2163"]
[BlackElo "2343"]
[PlyCount "58"]
[EventDate "2012.10.04"]
[EventType "swiss"]
[EventRounds "9"]
[EventCountry "COL"]
[SourceTitle "CBM 150 Extra"]
[Source "ChessBase"]
[SourceDate "2012.10.19"]
[SourceVersion "1"]
[SourceVersionDate "2012.10.19"]
[SourceQuality "1"]

1. Nf3 c5 2. g3 Nc6 3. Bg2 g6 4. 0-0 Bg7 5. d3 d6 6. Nc3 e5 7. e4 Nge7 8. Ne1 h5 9. Bg5 f6 10. Be3 h4 11. Rb1 Be6 12. a3 Qd7 13. b4 Nd4 14. f4 hxg3 15. hxg3 Bg4 16. Qd2 Rc8 17. Rf2 b6 18. Nd1 f5 19. c3 Ne6 20. Nf3 exf4 21. gxf4 cxb4 22. axb4 d5 23. e5 Bxf3 24. Bxf3 d4 25. cxd4 Nxd4 26. Bg2 g5 27. Qb2 Rd8 28. b5 gxf4 29. Bxf4 Ne6 0-1

[Event "Panama op 1st"]
[Site "Panama City"]
[Date "2011.11.03"]
[Round "1"]
[White "Uribe, Mauricio"]
[Black "Mencos Castillo, Maria E"]
[Result "1-0"]
[WhiteElo "2348"]
[BlackElo "1709"]
[PlyCount "35"]
[EventDate "2011.11.03"]
[EventType "swiss"]
[EventRounds "9"]
[EventCountry "PAN"]
[SourceTitle "EXT 2012"]
[Source "ChessBase"]
[SourceDate "2011.11.24"]
[SourceVersion "1"]
[SourceVersionDate "2011.11.24"]
[SourceQuality "1"]

1. e4 e5 2. Nf3 Nc6 3. Bb5 Nf6 4. 0-0 Nxe4 5. d4 Nd6 6. dxe5 Nxb5 7. a4 Nbd4 8. Nxd4 Bc5 9. Nf5 h5 10. Qd5 Ne7 11. Nxg7+ Kf8 12. Qxc5 Kxg7 13. Bg5 Kf8 14. Nc3 b6 15. Qd4 Rg8 16. Bh6+ Ke8 17. Ne4 Nf5 18. Qd5 1-0

[Event "COL-ch"]
[Site "Pereira"]
[Date "2011.09.26"]
[Round "6"]
[White "Rojas Barrero, Andres Humberto"]
[Black "Uribe, Mauricio"]
[Result "0-1"]
[WhiteElo "2262"]
[BlackElo "2333"]
[PlyCount "49"]
[EventDate "2011.09.23"]
[EventType "tourn"]
[EventRounds "11"]
[EventCountry "COL"]
[EventCategory "5"]
[SourceTitle "CBM 144 Extra"]
[Source "ChessBase"]
[SourceDate "2011.10.28"]
[SourceVersion "1"]
[SourceVersionDate "2011.10.28"]
[SourceQuality "1"]

1. e4 c5 2. Nf3 a6 3. c4 Nc6 4. d4 cxd4 5. Nxd4 e5 6. Nf5 d6 7. Nc3 g6 8. Ne3 Bh6 9. Be2 Be6 10. Ned5 Bxc1 11. Qxc1 Nf6 12. Qg5 Bxd5 13. exd5 Nd4 14. Bd3 0-0 15. 0-0 Nh5 16. Qe3 f5 17. f4 Qb6 18. fxe5 dxe5 19. Na4 Qf6 20. c5 e4 21. Bb1 Rae8 22. Nc3 Nb5 23. Qxe4 Ng3 24. hxg3 Qh4 25. Bc2 0-1

[Event "Medellin Cuartas Memorial"]
[Site "Medellin"]
[Date "2011.08.06"]
[Round "6"]
[White "Castaneda, Jorge Luis"]
[Black "Uribe, Mauricio"]
[Result "1/2-1/2"]
[WhiteElo "2120"]
[BlackElo "2346"]
[PlyCount "87"]
[EventDate "2011.08.03"]
[EventType "swiss"]
[EventRounds "8"]
[EventCountry "COL"]
[SourceTitle "CBM 144 Extra"]
[Source "ChessBase"]
[SourceDate "2011.10.28"]
[SourceVersion "1"]
[SourceVersionDate "2011.10.28"]
[SourceQuality "1"]

1. d4 d5 2. Nf3 Nf6 3. c4 c6 4. cxd5 cxd5 5. Nc3 Nc6 6. Bf4 Ne4 7. Qb3 Nxc3 8. bxc3 g6 9. e3 Bg7 10. Be2 0-0 11. 0-0 Na5 12. Qb4 Be6 13. Nd2 Rc8 14. Rfc1 Re8 15. Bb5 Nc6 16. Bxc6 bxc6 17. Qc5 Qb6 18. Qxb6 axb6 19. Rcb1 b5 20. a4 Bf5 21. Rc1 bxa4 22. Rxa4 c5 23. Rca1 h6 24. Ra5 cxd4 25. cxd4 Rc2 26. R5a2 Rec8 27. h4 f6 28. Rxc2 Rxc2 29. Nb3 e5 30. Ra8+ Rc8 31. Rxc8+ Bxc8 32. Bg3 Kf7 33. Kf1 Ba6+ 34. Ke1 Bc4 35. Nd2 Bb5 36. Nb3 Ke6 37. f3 h5 38. Nc5+ Kf5 39. dxe5 fxe5 40. e4+ dxe4 41. Nxe4 Bf8 42. Kf2 Bc6 43. Ke3 Bh6+ 44. Ng5 1/2-1/2

[Event "Medellin Cuartas Memorial"]
[Site "Medellin"]
[Date "2011.08.06"]
[Round "5"]
[White "Geurts, Harrie Tulio"]
[Black "Uribe, Mauricio"]
[Result "0-1"]
[WhiteElo "1714"]
[BlackElo "2346"]
[PlyCount "100"]
[EventDate "2011.08.03"]
[EventType "swiss"]
[EventRounds "8"]
[EventCountry "COL"]
[SourceTitle "CBM 144 Extra"]
[Source "ChessBase"]
[SourceDate "2011.10.28"]
[SourceVersion "1"]
[SourceVersionDate "2011.10.28"]
[SourceQuality "1"]

1. d4 Nf6 2. c4 e6 3. Nc3 Bb4 4. Qc2 c5 5. dxc5 Na6 6. Bg5 Nxc5 7. a3 Bxc3+ 8. Qxc3 Nce4 9. Bxf6 Qxf6 10. Qxf6 gxf6 11. g3 b6 12. Bg2 Bb7 13. Nf3 Nd6 14. b3 Ke7 15. 0-0 Rhd8 16. Nd4 Ne4 17. Rfd1 a6 18. Rac1 Rac8 19. Nc2 Rc7 20. Ne3 f5 21. Rd4 Rdc8 22. Bxe4 fxe4 23. g4 h5 24. h3 hxg4 25. hxg4 Rg8 26. Kh2 Kf6 27. Kg3 Ke5 28. Rcd1 f5 29. f4+ exf3 30. exf3 Bc6 31. f4+ Kf6 32. g5+ Kf7 33. R1d2 Rh8 34. Rh2 Rxh2 35. Kxh2 Rc8 36. Kg3 Rh8 37. Rd1 Ke7 38. Re1 Be4 39. b4 d6 40. Ng4 Rc8 41. Ne3 e5 42. fxe5 dxe5 43. Nd5+ Ke6 44. Nxb6 Rg8 45. Rxe4 fxe4 46. Kg4 e3 47. Nd5 e2 48. Nc7+ Kd7 49. Nxa6 e1Q 50. Nc5+ Ke7 0-1